000 00276nam a2200121 i 4500
001 bg
245 0 _aMechanika. Wybrane zagadnienia technologiczne.
260 _aLublin,
_c1984.
040 _cBPK
041 _apol
942 _cKS
008 s pl f |000 0 pol
999 _c23322
_d23322
856 _uhttp://koha.tu.koszalin.pl/cgi-bin/koha/opac-detail.pl?biblionumber=23322
_yKatalog online BPK